000 02293naa a2200337 4500
005 20090528105052.0
008 090528t xxu||||| |||| 00| 0 eng d
010 _aENG-93773
020 _a9788170493112
_c495.00
035 _aEN-77306
035 _aB-360090-095
037 _bDBAD / PUB
037 _bManas Publications
040 _adpl
_bEnglish
082 _a354.54
100 _aYogendra Narain
245 _aSaga of civil services /
_cby Yogendra Narain
260 _aNew Delhi
_bManas Publications
_c2008
270 _a4402/5A, Main Ansari Road, Daryaganj,
_bNew Delhi
_e110 002
300 _a224p.
_c22cm(Hb)
500 _aincludes index
942 _adpl
_cEN
_2ddc
_mYOG
_h354.54
999 _c26878
_d26878